|
|
|
|
| LEADER |
00000ny a22000003n 4500 |
| 005 |
2011052308118.0 |
| 008 |
101118s2010 it 000 ita d |
| 022 |
|
|
|a 9788884228499
|
| 035 |
|
|
|a 5055
|
| 040 |
|
|
|a BUS
|d vLex
|
| 090 |
|
|
|c 179
|d 179
|
| 100 |
1 |
|
|a Calvo, Paolo
|
| 245 |
1 |
3 |
|a La nuova normativa sugli istituti di vigilanza, di investigazione privata e sulle guardie giurate
|h [Recurso electrn̤ico]
|c Paolo Calvo ; Carlo Mosca
|
| 256 |
|
|
|a Servicio en ln̕ea
|
| 260 |
|
|
|a [Roma] :
|b Cacucci Editore,
|c 2010
|
| 506 |
1 |
|
|a Contenido solo disponible en los productos indicados
|d vLex Global
|d vLex Global (Academic Edition, excluding Law Schools)
|d vLex Global (U.S. Academic Edition, Law Schools)
|d vLex Global (U.S. Academic Edition, excluding Law Schools)
|d vLex Global (Academic Edition, Law Schools)
|
| 650 |
0 |
4 |
|a Guardias
|x Jurisprudencia
|
| 650 |
0 |
4 |
|a Investigadores
|x Jurisprudencia
|
| 700 |
1 |
|
|a Mosca, Carlo
|
| 740 |
0 |
|
|a vLex Libros (Servicios en ln̕ea)
|
| 856 |
4 |
0 |
|u http://vlex.com/source/5055
|z Acceso restringido
|
| 942 |
|
|
|c BOOK
|
| 999 |
0 |
|
|a Private investigators
|b Roma
|